000 01468nam a22003977a 4500
005 20260415130531.0
008 260415b2026 ag ||||| |||| 00| 0 spa d
020 _aTI Audiencia in Voce - Parte Resolutiva fecha 10/4/26
_bIV
110 _aTribunal de Impugnación
_91
245 _a"QUIDEL, MIGUEL ANGEL S/ ABUSO SEXUAL CON ACCESO CARNAL AGRAVADO POR EL VÍNCULO" /
_cTribunal de Impugnación
300 _a00:18:26
490 _aFallo con perspectiva de niñez y de género
518 _a10/4/26
653 _aABUSO SEXUAL
653 _aRECHAZO DE FORMULACIÓN DE CARGOS
653 _aADMISIBILIDAD DEL RECURSO
653 _aAUTO PROCESAL IMPORTANTE
653 _aNON BIS IN IDEM
653 _aDOBLE PERSECUSIÓN PENAL
653 _aDOBLE JUZGAMIENTO
653 _aPRINCIPIO DE PRECLUSIÓN
653 _aTUTELA JUDICIAL EFECTIVA
653 _aINTERÉS SUPERIOR DEL NIÑO
653 _aPERSPECTIVA DE GÉNERO
653 _aARBITRARIEDAD
653 _aNULIDAD DE FORMULACIÓN DE CARGOS
653 _aNUEVAS CIRCUNSTANCIAS FÁCTICAS
653 _aREFORMULACIÓN DE CARGOS
653 _aEFECTO NO SUSPENSIVO
700 _aJuan Jose Nazareno Eulogio
_942
700 1 _aRepetto, Andrés
_910
700 1 _aPatricia Romina Lupica Cristo
_948
774 _aLEG 59451/26
856 _uhttps://drive.google.com/file/d/1WkoQ4k-ElYdVcoTxEp0mYsqCVgA1tOSX/view?usp=sharing
_yParte Resolutiva - Audiencia in voce fecha 10/4/26
942 _2ddc
_cIV
999 _c1271
_d1271